LEADER 01508nam2 22002773i 450 001 VAN0112966 005 20171215094640.636 012 $2fei$a2.2. 0.li 1.8. PrPr (3) 1744 (R)$5VAN 100 $a20171215d1744 |0itac50 ba 101 $alat 102 $aIT 140 $a||||||||| ||||||||| 200 1 $aˆ[11]: ‰Repertorium seu Index generalis rerum notabilum, quae continetur in universa ejus jurisprudentia forensi 205 $aNeapoli, 1744 210 $a424 p.$afolio 215 $aSegnatura: §-2§? 3§² A-3G? 461 1$1001VAN0112660$12001 $aJosephi Sorge j. c. Neapolitani Jurisprudentia forensis universi propemodum juris materias, sive civiles, sive canonicas, sive criminales .& maximè feudales, quae frequentissimè ad forum deducuntur...$1205 $aNeapoli : typis Januarii et Vincentii Mutio, 1740-1744$1210 $a11 volumi$afolio$1215 $aFregi xilografici sui frontespizi$v[11] 620 $dNapoli$3VANL000005 700 1$aSorge$bGiuseppe$3VANV075138$0250867 712 02$aMuzio, Gennaro & Muzio, Vincenzo$3VANV086895 801 $aIT$bSOL$c20231124$gRICA 899 $aBIBLIOTECA DEL DIPARTIMENTO DI GIURISPRUDENZA$1IT-CE0105$2VAN00 912 $aVAN0112966 950 $aBIBLIOTECA DEL DIPARTIMENTO DI GIURISPRUDENZA$d00LAURIA BL.700.226 11 $e00BL 3794 20171215 996 $aRepertorium seu Index generalis rerum notabilum, quae continetur in universa ejus jurisprudentia forensi$91520990 997 $aUNICAMPANIA